00536cam a22001692 4500001001100000005001700011008004100028020001600069040001500085245010300100250001300203260003100216300001800247650005900265700003900324852000300363000002366320151217152246.0130315s xx 000 0 eng d a019929579 : aKABUcKABU10aCardiac catheterization and coronary intervention /cedited by Andrew R. J. Mitchell ... [et al.]. a1st ed. aOxford :bO. U. P.,c2008. axxii, 282 p. 0aHeart catheterizationvHandbooksxMethods.@00001832541 aMitchell, Andrew R. J.@00001832551